header

Throwing the body into the fight (Record no. 39347)

MARC details
000 -LEADER
fixed length control field 01130nam a2200277Ia 4500
245 00 - TITLE STATEMENT
Title Throwing the body into the fight
260 ## - PUBLICATION, DISTRIBUTION, ETC. (IMPRINT)
Place of publication Chicago, IL. :
Name of publisher Intellect, University of Chicago Press,
Year of publication c2013.
300 ## - PHYSICAL DESCRIPTION
Number of Pages 140 p. :
Other physical details ill., ports.
650 #0 - SUBJECT ADDED ENTRY--TOPICAL TERM
Topical Term Choreographers
700 1# - ADDED ENTRY--PERSONAL NAME
Personal name Connolly, Mark Kate.
856 40 - ELECTRONIC LOCATION AND ACCESS
Uniform Resource Identifier http://site.ebrary.com/lib/rucke/Doc?id=10720137

No items available.

© 2026 Rongo University
Contact us: librarian | system librarian | Rongo university